Najkrajšie detské knihy 2009

Bibliographic Details
Format: Article
Language:Slovak
ISSN:1335-72632
Subjects:

MARC

LEADER 00000nab a2200000 a 4500
001 vtls010184247
003 SK-MaSNL
005 20260303093710.0
008 140429c2010 xo ||||||||||||00 b|slo
015 |a SNBRB2010/10  |2 snkbucl 
038 |a SNKBUCL 
040 |a SNKBUCL  |b slo  |c SNKBUCL  |e AACR2 
041 0 |a slo 
044 |a xo  |c SK 
080 |a 655+686.1:06.063  |x (437.6)  |2 2001 
080 |a 82:061.7  |2 2001 
080 |a 76.071:655.4:061.7  |2 2001 
080 |a 82:655.4(437.6):061.7  |2 2001 
245 0 0 |a Najkrajšie detské knihy 2009 
611 2 7 |a Najkrajšie detské knihy  |d (2009)  |2 snkbucl  |9 1105196 
650 0 7 |a literatúra pre deti a mládež  |x ocenené knihy  |y za r. 2009  |2 snkbucl  |9 1084089 
650 0 7 |a knižné umenie  |2 snkbucl  |9 2744 
773 0 |t Bibiana  |g Roč. XVII, č. 3 (2010), s. 72  |x 1335-72632 
852 |a SNK  |b KIS3GCP 
856 4 1 |a http://www.bibiana.sk/fileadmin/bibiana.sk/docs/revue/fullsize/rocnikXVII_3_2010.pdf 
958 |a LX 
958 |a SK 
999 |c 1816768  |d 1818698